| 000 | 00708nam a2200229Ia 4500 | ||
|---|---|---|---|
| 003 | OSt | ||
| 005 | 20250929182906.0 | ||
| 008 | 210423s2013 xx 000 0 und d | ||
| 020 | _a978-1-107-04591-0 | ||
| 040 | _cAL | ||
| 041 | _aEnglish | ||
| 082 |
_a305.235 _bLALC |
||
| 100 |
_aRuby Lal _9108486 |
||
| 245 |
_aComing age in nineteenth century India _b: the girl child and the art of playfulness |
||
| 260 |
_aNew Delhi _bCambridge University Press _c2013 |
||
| 300 |
_axvii,229 _bHB |
||
| 365 |
_b995 _cINR |
||
| 650 |
_aSocial Groups _9108487 |
||
| 650 |
_aSocial Sciences _9108488 |
||
| 906 | _aage ; art ; century ; child ; Coming ; girl ; India: ; nineteenth ; playfulness | ||
| 942 |
_2ddc _cBK |
||
| 999 |
_c167764 _d167764 |
||